| 000 | 00000nam 2200000za 4500 |
| 001 | 9.699233 |
| 003 | CaOODSP |
| 005 | 20210625000304 |
| 007 | cr ||||||||||| |
| 008 | 150407r19791972xxc ||||o f000 0 eng d |
| 020 | |z0-662-01382-4 |
| 040 | |aCaOODSP|beng |
| 043 | |an-cn--- |
| 086 | 1 |aA53-1468/1979E-PDF|zA53-1468/1978 |
| 100 | 1 |aCampbell, C. G. |q(Clayton Garnet) |
| 245 | 10|aGrowing buckwheat |h[electronic resource] / |cC.G. Campbell and G.H. Gubbels. |
| 260 | |aOttawa : |bAgriculture Canada. |cc1979. |
| 300 | |a11 p. |
| 500 | |aReprint. Originally published: 1972. |
| 500 | |aHistorical publication digitized by Agriculture and Agri-Food Canada. |
| 500 | |aIssued also in French under title: La culture du sarrasin. |
| 590 | |a14-11-Supp|b2014-05-21 |
| 690 | 07|aCereals|2gcpds |
| 690 | 07|aFarming|2gcpds |
| 700 | 1 |aGubbels, G. H. |
| 710 | 1 |aCanada.|bAgriculture Canada.|bResearch Branch. |
| 775 | 08|tLa culture du sarrasin |w(CaOODSP)9.643204 |
| 856 | 40|ahttp://publications.gc.ca|qPDF|s712 KB|uhttps://publications.gc.ca/collections/collection_2014/aac-aafc/agrhist/A53-1468-1979-eng.pdf |
| 986 | |aPublication 1468 |